00953naa a2200193 a 450000100080000000500110000800800410001902200140006010000230007424500890009726000090018652003900019565000110058565300290059665300110062565300190063665300200065577300840067516352351998-11-26 1993 bl uuuu u00u1 u #d a0100-29451 aMESQUITA, A. L. M. aOcorrencia de plectrophoroides incertus voss, 1990 (col.bcurculionidae) em cajueiro c1993 aNo presente trabalho registra-se pela primeira vez a ocorrencia do curculionidae Plectrophoroldes incertos Voss, 1990 como inseto nocivo ao cajueiro (Anacardium occidentale L.). A constatacao ocorreu no Campo Experimental do Centro Nacional de Pesquisa do Caju, em Pacajus, Ceara,Brasil, onde o adulto foi observado atacando folhas da planta, alimentando-se dos tecidos internervurais. aInseto aAnacardium occidentale L aInsect aNew occurrence aNova ocorrencia tRevista Brasileira de Fruticulturagv.15, n,2, p.109-110, Cruz das Almas, 1993.